[Event "Toronto Scarborough CC Falling Leaves"]
[Site "Toronto"]
[Date "2009.11.26"]
[Round "4"]
[White "Armstrong, Robert J"]
[Black "Picana, Andrew"]
[Result "0-1"]
[WhiteElo "1829"]
[BlackElo "2086"]
[PlyCount "72"]
[EventDate "2009.11.05"]
[EventType "swiss"]
[EventRounds "7"]
[EventCountry "CAN"]
[SourceTitle "EXT 2011"]
[Source "ChessBase"]
[SourceDate "2010.11.26"]
[SourceVersion "1"]
[SourceVersionDate "2010.11.26"]
[SourceQuality "1"]

1. d4 Nf6 2. c4 e6 3. Nf3 c5 4. d5 d6 5. Nc3 Be7 6. e4 exd5 7. cxd5 0-0 8. h3 a6 9. a4 Nbd7 10. a5 Re8 11. Bc4 Bf8 12. Qc2 Nxe4 13. Nxe4 f5 14. 0-0 fxe4 15. Ng5 Nf6 16. Ne6 Bxe6 17. dxe6 d5 18. Rd1 Rxe6 19. Bg5 Rd6 20. Rxd5 Kh8 21. Rad1 Rxd5 22. Bxd5 Qe7 23. Bxe4 Qxe4 24. Qc3 Qf5 25. Bh4 Re8 26. Qb3 Qe4 27. Bxf6 gxf6 28. Qf7 Qe7 29. Qb3 Bg7 30. Qa4 f5 31. Qc2 Bd4 32. b4 Qe2 33. Rd2 Bxf2+ 34. Kh2 Qe5+ 35. Kh1 Qe1+ 36. Kh2 Bg3# 0-1

[Event "Toronto Scarborough CC Falling Leaves"]
[Site "Toronto"]
[Date "2009.11.05"]
[Round "1"]
[White "Stewart, Frankie"]
[Black "Picana, Andrew"]
[Result "0-1"]
[WhiteElo "1780"]
[BlackElo "2086"]
[PlyCount "96"]
[EventDate "2009.11.05"]
[EventType "swiss"]
[EventRounds "7"]
[EventCountry "CAN"]
[SourceTitle "EXT 2011"]
[Source "ChessBase"]
[SourceDate "2010.11.26"]
[SourceVersion "1"]
[SourceVersionDate "2010.11.26"]
[SourceQuality "1"]

1. e4 d6 2. d4 Nf6 3. Nc3 g6 4. Nf3 Bg7 5. Be2 0-0 6. 0-0 a6 7. Bf4 Nbd7 8. Qd2 Re8 9. Rad1 c6 10. h3 b5 11. e5 b4 12. exf6 bxc3 13. Qxc3 Nxf6 14. Qxc6 Bd7 15. Qc3 Nd5 16. Qd2 Nxf4 17. Qxf4 Qb6 18. Bc4 e6 19. Ng5 Rf8 20. Bb3 d5 21. c3 a5 22. Rd2 a4 23. Bd1 Qd8 24. Nf3 Qc8 25. Qd6 a3 26. bxa3 Bb5 27. Be2 Bxe2 28. Rxe2 Qxc3 29. Qb4 Qxa3 30. Qxa3 Rxa3 31. Rb1 Rfa8 32. Rb7 h6 33. Kf1 R3a4 34. Rd2 Rc4 35. Ke2 g5 36. Kd3 Kh7 37. Rc2 Ra3+ 38. Ke2 Bxd4 39. Nxd4 Rxd4 40. Rb3 Raa4 41. a3 Kg6 42. f3 h5 43. Rc7 Rdc4 44. Rxc4 dxc4 45. Rc3 Kf5 46. Ke3 Ke5 47. g3 Kd5 48. f4 gxf4+ 0-1

[Event "Toronto Howard Ridout op"]
[Site "Toronto"]
[Date "2009.09.10"]
[Round "1"]
[White "Verde, Pino"]
[Black "Picana, Andrew"]
[Result "0-1"]
[WhiteElo "1757"]
[BlackElo "2103"]
[PlyCount "134"]
[EventDate "2009.09.10"]
[EventType "swiss"]
[EventRounds "8"]
[EventCountry "CAN"]
[SourceTitle "EXT 2011"]
[Source "ChessBase"]
[SourceDate "2010.11.26"]
[SourceVersion "1"]
[SourceVersionDate "2010.11.26"]
[SourceQuality "1"]

1. e4 e6 2. d3 d5 3. Nd2 Nf6 4. Ngf3 Bb4 5. c3 Be7 6. e5 Nfd7 7. d4 c5 8. g3 Nc6 9. Bg2 cxd4 10. cxd4 Qb6 11. Nb3 Bb4+ 12. Bd2 a5 13. Bc3 a4 14. Nbd2 a3 15. Qb3 axb2 16. Qxb2 Bxc3 17. Qxc3 Qb4 18. Qxb4 Nxb4 19. 0-0 Rxa2 20. Rxa2 Nxa2 21. Ra1 Nb4 22. Ra8 0-0 23. Bf1 Nc6 24. Nb3 f6 25. Bh3 Nb6 26. Ra1 fxe5 27. Nxe5 Nxe5 28. dxe5 Nc4 29. f4 g5 30. Nd4 Kf7 31. Ra8 Nb6 32. Bxe6+ Ke7 33. Rb8 Nd7 34. Ra8 gxf4 35. gxf4 Rxf4 36. Rxc8 Rxd4 37. Bxd7 Kxd7 38. Rh8 Rh4 39. Rf8 b5 40. Rf6 Kc7 41. Kg2 b4 42. Kg3 Re4 43. Rf7+ Kc6 44. Rxh7 b3 45. Rh8 Rb4 46. Rc8+ Kd7 47. Rc1 Ke6 48. Kf3 Kxe5 49. Ke3 Rh4 50. Rb1 Rxh2 51. Kd3 Rh3+ 52. Kd2 Kd4 53. Rg1 Rh2+ 54. Kc1 Kc4 55. Rg4+ d4 56. Rg7 Kc3 57. Rc7+ Kd3 58. Rb7 Rc2+ 59. Kb1 b2 60. Rd7 Re2 61. Rd8 Kc3 62. Rc8+ Kd2 63. Rd8 d3 64. Rd7 Re8 65. Rb7 Ke1 66. Rh7 d2 67. Rh1+ Ke2 0-1

[Event "Toronto-ch Reserves"]
[Site "Toronto"]
[Date "2002.02.09"]
[Round "11"]
[White "Sviridovitch, Alina"]
[Black "Picana, Andrew"]
[Result "0-1"]
[WhiteElo "1925"]
[BlackElo "2018"]
[PlyCount "88"]
[EventDate "2002.01.??"]
[EventType "tourn"]
[EventRounds "11"]
[EventCountry "CAN"]
[SourceTitle "EXT 2006"]
[Source "ChessBase"]
[SourceDate "2005.11.24"]
[SourceVersion "1"]
[SourceVersionDate "2005.11.24"]
[SourceQuality "1"]

1. d4 Nf6 2. Bg5 d5 3. Nf3 e6 4. e3 c5 5. c3 Bd6 6. Nbd2 cxd4 7. exd4 0-0 8. Bd3 Nbd7 9. 0-0 Qb6 10. Qc2 Qc7 11. Rfe1 h6 12. Bh4 a5 13. Nf1 b6 14. Bg3 Ba6 15. Bxd6 Qxd6 16. Ng3 Bxd3 17. Qxd3 Ra7 18. Ne5 Qc7 19. Rac1 Qb7 20. h3 b5 21. b3 Qa6 22. Re2 Nb6 23. f3 Rc8 24. Rec2 a4 25. Kh2 Rac7 26. Ne2 Nbd7 27. Nxd7 Nxd7 28. bxa4 Qxa4 29. Rb1 Rb8 30. Rb4 Qa5 31. Rcb2 Rc4 32. Rxc4 dxc4 33. Qb1 Nf6 34. Rb4 Nd7 35. a4 Qc7+ 36. Kh1 bxa4 37. Qa2 Nb6 38. Kg1 e5 39. Kf2 exd4 40. Nxd4 Re8 41. Qb2 Nd7 42. Rxa4 Nc5 43. Qa1 Nd3+ 44. Kf1 Qg3 0-1